000 00671nam a22002297a 4500
003 0
005 20250903155653.0
008 250903b xxu||||| |||| 00| 0 eng d
020 _a978-1-250-26840-2
050 _aPZ 7.1
_b.G37 2021
100 _aGarber, Stephanie,
_eauthor.
245 _aOnce upon a broken heart /
_cStephanie Garber.
260 _aNew York :
_bFlatiron Books,
_c2021.
300 _a416 pages :
_c21 cm.
650 _aMan-woman relationships
_vFiction.
650 _aImmortalism
_vFiction.
650 _aPrinces
_vFiction.
650 _aBlessing and cursing
_vFiction.
650 _aFantasy.
650 _aYoung adult fiction.
942 _2lcc
_cBK
999 _c367766
_d367766